000 00353nam a2200145Ia 4500
008 230917s9999||||xx |||||||||||||| ||und||
040 _e99640
_aMAIN
041 _aEnglish
082 _a954.03 A23B
100 _aAyodhya Singh
245 0 _aBharat ka muktisangram
260 _aNew Delhi
_bGranth Shilpi
_c2003
300 _axiv, 696 p.
942 _cBK
999 _c116550
_d116550